[Event "XIX Weekend B"]
[Site "Ceriano Laghetto ITA"]
[Date "2010.03.??"]
[Round "2"]
[White "Origgio, Stefano"]
[Black "Martelli, Tommaso"]
[Result "1-0"]
[WhiteElo "1668"]
[BlackElo "1875"]
[PlyCount "80"]
[EventDate "2010.03.26"]

1. d4 Nf6 2. c4 e6 3. Nc3 c5 4. Nf3 cxd4 5. Nxd4 Nc6 6. e3 Be7 7. Bd3 Qb6 8.
Nxc6 bxc6 9. O-O d5 10. b3 O-O 11. Bb2 Rd8 12. Qc2 e5 13. Na4 Qb8 14. Rad1 e4
15. Be2 Ng4 16. Bxg4 Bxg4 17. Rd2 Qd6 18. Nc3 Qg6 19. Ne2 Bd6 20. Ng3 Qg5 21.
Qc3 h5 22. h4 Qg6 23. cxd5 Bxg3 24. fxg3 cxd5 25. Qe5 Be6 26. Rdf2 Rac8 27. Bd4
a6 28. b4 Rc6 29. Bc5 a5 30. a3 axb4 31. axb4 Ra8 32. Kh2 Ra3 33. Re1 Ra8 34.
Qc3 Kh7 35. b5 Rcc8 36. Qb4 Rab8 37. b6 Bd7 38. Rb2 Rc6 39. b7 Qe6 40. Ba7 Rc4
1-0

[Event "XIX Weekend B"]
[Site "Ceriano Laghetto ITA"]
[Date "2010.03.??"]
[Round "2"]
[White "Palminteri, Vincenzo"]
[Black "Zampar, Andrea"]
[Result "1-0"]
[WhiteElo "1872"]
[BlackElo "1658"]
[PlyCount "79"]
[EventDate "2010.03.26"]

1. e4 c5 2. c3 e6 3. d4 d5 4. e5 Bd7 5. Nf3 h6 6. Bd3 a6 7. O-O Bb5 8. Bxb5+
axb5 9. Be3 c4 10. a3 Nc6 11. g3 Nge7 12. Nh4 g5 13. Ng2 Nf5 14. f4 g4 15. Qxg4
h5 16. Qh3 h4 17. g4 Nxe3 18. Nxe3 Qd7 19. f5 O-O-O 20. Nd2 Bh6 21. fxe6 Bxe3+
22. Qxe3 Qxe6 23. h3 Rh6 24. Rf2 Ne7 25. Raf1 f5 26. gxf5 Rg8+ 27. Kh2 Rg3 28.
Qf4 Nxf5 29. Qxf5 Qxf5 30. Rxf5 Rhg6 31. R5f2 Re3 32. Rf3 Rg3 33. Rxe3 Rxe3 34.
Nf3 Re4 35. Ng5 Re3 36. Ne6 Kd7 37. Nf8+ Ke8 38. Ng6 Re4 39. Kg2 Kd7 40. Kf3
1-0

[Event "XIX Weekend B"]
[Site "Ceriano Laghetto ITA"]
[Date "2010.03.??"]
[Round "2"]
[White "Raineri, Pieroberto"]
[Black "Giovarruscio, Gabriele"]
[Result "1-0"]
[WhiteElo "1685"]
[BlackElo "1703"]
[PlyCount "52"]
[EventDate "2010.03.26"]

1. d4 Nf6 2. c4 e6 3. Nf3 Bb4+ 4. Bd2 Bxd2+ 5. Qxd2 b6 6. Nc3 Bb7 7. g3 O-O 8.
Bg2 d6 9. O-O Nbd7 10. d5 Nc5 11. Ne1 e5 12. b4 Ncd7 13. Nd3 a5 14. a3 Re8 15.
e4 Nf8 16. c5 Ba6 17. b5 Bc8 18. c6 Bg4 19. f4 exf4 20. gxf4 Ng6 21. Qf2 Qe7
22. Rae1 Qf8 23. h3 Bh5 24. e5 dxe5 25. Qg3 Qxa3 26. fxe5 Qxc3 1-0

[Event "XIX Weekend B"]
[Site "Ceriano Laghetto ITA"]
[Date "2010.03.??"]
[Round "2"]
[White "Rossi, Giampiero"]
[Black "Clerici, Samuele"]
[Result "1-0"]
[WhiteElo "1914"]
[BlackElo "1782"]
[PlyCount "119"]
[EventDate "2010.03.26"]

1. d4 d5 2. c4 e6 3. Nc3 Nf6 4. cxd5 Nxd5 5. e4 Nf6 6. Nf3 c5 7. Bb5+ Bd7 8.
Bxd7+ Qxd7 9. O-O cxd4 10. Qxd4 Qxd4 11. Nxd4 e5 12. Ndb5 Na6 13. Be3 b6 14.
Rfd1 Be7 15. Nd5 Nxd5 16. Rxd5 f6 17. Rc1 O-O 18. Nc7 Nxc7 19. Rxc7 Bd8 20. Rb7
Rf7 21. Rdd7 Rxd7 22. Rxd7 Kf8 23. a4 Be7 24. g3 Ke8 25. Rb7 Kd8 26. b3 Ke8 27.
Kf1 Kf7 28. a5 bxa5 29. Bc5 Re8 30. Rxa7 Kf8 31. Bxe7+ Rxe7 32. Rxa5 Rb7 33.
Ra3 Ke7 34. Ke2 Kd6 35. Kd3 Kc5 36. Kc3 Kb5 37. Ra4 Rd7 38. Rb4+ Kc5 39. Rc4+
Kb5 40. b4 Kb6 41. Rc5 Rd4 42. f3 Rd1 43. Rd5 Rc1+ 44. Kb2 Rh1 45. Rd2 Rf1 46.
Rd3 Rf2+ 47. Kc3 Rxh2 48. Rd7 Rf2 49. Rxg7 Rxf3+ 50. Kc4 Re3 51. Kd5 Kb5 52.
Rxh7 Kxb4 53. Rf7 Rf3 54. Ke6 Re3 55. Rxf6 Rxe4 56. Kf5 Re3 57. g4 e4 58. Re6
Rf3+ 59. Kxe4 Rf1 60. g5 1-0

[Event "XIX Weekend B"]
[Site "Ceriano Laghetto ITA"]
[Date "2010.03.??"]
[Round "2"]
[White "Schingaro, Angelo"]
[Black "Colombo, Luca"]
[Result "1-0"]
[WhiteElo "1700"]
[BlackElo "1904"]
[PlyCount "51"]
[EventDate "2010.03.26"]

1. e4 c5 2. Nf3 d6 3. d4 cxd4 4. Nxd4 Nf6 5. Nc3 g6 6. Be3 Bg7 7. f3 O-O 8. Bc4
Nc6 9. Qd2 Bd7 10. O-O-O Ne5 11. Bb3 Rc8 12. h4 Nc4 13. Bxc4 Rxc4 14. Kb1 Qa5
15. Nb3 Qc7 16. Bh6 b5 17. Bxg7 Kxg7 18. h5 Be6 19. hxg6 fxg6 20. Nxb5 Qb6 21.
N5d4 Bf7 22. Qh6+ Kg8 23. g4 Rfc8 24. g5 Nh5 25. Rxh5 gxh5 26. Nf5 1-0

[Event "XIX Weekend B"]
[Site "Ceriano Laghetto ITA"]
[Date "2010.03.??"]
[Round "2"]
[White "Squillante, Michele"]
[Black "Bertamini, Alberto"]
[Result "1-0"]
[WhiteElo "1801"]
[BlackElo "1697"]
[PlyCount "99"]
[EventDate "2010.03.26"]

1. d4 Nf6 2. Nf3 d5 3. Bg5 e6 4. Nbd2 c5 5. e3 a6 6. c3 Nbd7 7. Bd3 h6 8. Bh4
Qb6 9. Rb1 cxd4 10. exd4 Bd6 11. O-O g5 12. Bg3 Bxg3 13. hxg3 Qd6 14. Re1 b5
15. Ne5 h5 16. Ndf3 Qe7 17. Nxg5 Nxe5 18. dxe5 Nd7 19. Nf3 Bb7 20. Qd2 Nc5 21.
Bc2 O-O-O 22. Qg5 Qc7 23. Rbd1 Rdg8 24. Qf6 Ne4 25. Bxe4 dxe4 26. Ng5 h4 27.
Nxe4 hxg3 28. Nxg3 Rh7 29. Rd6 Rg6 30. Qf4 Qe7 31. Red1 Rh8 32. Rd7 Qc5 33. Qd4
Qxd4 34. R1xd4 Bd5 35. Rxf7 Kb8 36. Rdf4 Rgh6 37. Rf8+ Kc7 38. Rxh8 Rxh8 39. b3
Rg8 40. Ne4 Kc6 41. g3 a5 42. Nf6 Rh8 43. Nxd5 Kxd5 44. c4+ bxc4 45. Rxc4 Kxe5
46. Rc5+ Kd4 47. Rxa5 Ke4 48. Kg2 Rc8 49. b4 Rc2 50. b5 1-0

[Event "XIX Weekend B"]
[Site "Ceriano Laghetto ITA"]
[Date "2010.03.??"]
[Round "2"]
[White "Veri', Giustino"]
[Black "Carbone, Lorenzo"]
[Result "1-0"]
[WhiteElo "1646"]
[BlackElo "1743"]
[PlyCount "59"]
[EventDate "2010.03.26"]

1. d4 d5 2. Nf3 e6 3. c4 Nf6 4. Nc3 Be7 5. Bg5 Nbd7 6. e3 O-O 7. cxd5 exd5 8.
Bd3 b6 9. O-O Bb7 10. Re1 c5 11. Qc2 h6 12. Bh4 a5 13. a4 Re8 14. Bb5 Ba6 15.
Bxf6 Bxf6 16. Bxa6 Rxa6 17. Nxd5 Nf8 18. Nxf6+ Qxf6 19. dxc5 bxc5 20. Qxc5 Qxb2
21. Rab1 Qa2 22. Qb5 Ree6 23. Ra1 Qc2 24. Nd4 Qe4 25. Nxe6 Rxe6 26. Qxa5 Rg6
27. g3 Ne6 28. Red1 Ng5 29. Qd5 Nf3+ 30. Kg2 1-0

[Event "XIX Weekend B"]
[Site "Ceriano Laghetto ITA"]
[Date "2010.03.??"]
[Round "3"]
[White "Adami, Antonio"]
[Black "Squillante, Michele"]
[Result "1-0"]
[WhiteElo "1675"]
[BlackElo "1801"]
[PlyCount "85"]
[EventDate "2010.03.26"]

1. e4 c6 2. d4 d5 3. Nc3 dxe4 4. Nxe4 Bf5 5. Ng3 Bg6 6. N1e2 h6 7. Nf4 Bh7 8.
c3 e6 9. Bd3 Bxd3 10. Nxd3 Nf6 11. O-O Be7 12. Bf4 Nd5 13. Be5 Bf6 14. Nh5 Bxe5
15. Nxe5 O-O 16. f4 g6 17. Qg4 Kh7 18. Ng3 Ne3 19. Qh3 Nxf1 20. Rxf1 f5 21. Ne2
Nd7 22. Nf3 Kg7 23. g4 fxg4 24. Qxg4 Qf6 25. h4 Qf5 26. Qg3 Nf6 27. Ne5 Rad8
28. Rf2 Ne4 29. Qg2 Nxf2 30. Kxf2 Kh7 31. Kf3 g5 32. hxg5 Qxg5 33. Qh3 Qf5 34.
Qh4 Qf6 35. Qh3 Rd5 36. Ke3 Rdd8 37. Ng4 Qg6 38. Ne5 Qf5 39. Qh4 Qf6 40. Qh3
Rg8 41. Ng4 Qg7 42. Ne5 Rde8 43. Qh5 1-0

[Event "XIX Weekend B"]
[Site "Ceriano Laghetto ITA"]
[Date "2010.03.??"]
[Round "3"]
[White "Bertamini, Alberto"]
[Black "Carbone, Lorenzo"]
[Result "0-1"]
[WhiteElo "1697"]
[BlackElo "1743"]
[PlyCount "44"]
[EventDate "2010.03.26"]

1. d4 d5 2. c4 e6 3. Nc3 Nf6 4. Bg5 Be7 5. e3 Nbd7 6. cxd5 exd5 7. Qa4 O-O 8.
Bd3 c5 9. Qc2 h6 10. Bxf6 Nxf6 11. dxc5 Bxc5 12. h3 a6 13. Nf3 Be6 14. Nd4 Bxd4
15. exd4 Rc8 16. g4 Qb6 17. Qd2 Kh8 18. Be2 Ne4 19. Na4 Qd6 20. h4 Nxd2 21.
Kxd2 Qb4+ 22. Nc3 Qxb2+ 0-1

[Event "XIX Weekend B"]
[Site "Ceriano Laghetto ITA"]
[Date "2010.03.??"]
[Round "3"]
[White "Biava, Pierluigi"]
[Black "Zampar, Andrea"]
[Result "0-1"]
[WhiteElo "1792"]
[BlackElo "1658"]
[PlyCount "92"]
[EventDate "2010.03.26"]

1. e4 c5 2. Nf3 Nc6 3. Bb5 a6 4. Bxc6 bxc6 5. d3 d5 6. e5 f6 7. O-O Be6 8. Qe2
Qd7 9. Re1 Bg4 10. Nbd2 e6 11. h3 Bh5 12. g4 Bf7 13. exf6 gxf6 14. Nf1 Ne7 15.
Ng3 h5 16. Kg2 h4 17. Nf1 Bg7 18. Ne3 O-O-O 19. Nf5 Nxf5 20. gxf5 e5 21. d4
cxd4 22. Qxa6+ Qb7 23. Qxb7+ Kxb7 24. a4 Ra8 25. Bd2 c5 26. a5 e4 27. Nh2 Ra6
28. b4 Kc6 29. bxc5 Kxc5 30. Reb1 Rha8 31. Rb7 R8a7 32. Rab1 Be8 33. Rxa7 Rxa7
34. Rb6 Bb5 35. Ng4 Ra6 36. Rb7 Bf8 37. Rf7 Bd6 38. Nxf6 Kc4 39. Ng4 Ba4 40.
Rh7 Bxc2 41. f6 e3 42. Nxe3+ dxe3 43. Rxh4+ Be4+ 44. f3 exd2 45. fxe4 dxe4 46.
f7 d1=Q 0-1

[Event "XIX Weekend B"]
[Site "Ceriano Laghetto ITA"]
[Date "2010.03.??"]
[Round "3"]
[White "Clerici, Samuele"]
[Black "Mansueti, Marco"]
[Result "1/2-1/2"]
[WhiteElo "1782"]
[BlackElo "1860"]
[PlyCount "72"]
[EventDate "2010.03.26"]

1. e4 c5 2. Nf3 Nc6 3. d4 cxd4 4. Nxd4 e5 5. Nf5 d6 6. Ne3 Nf6 7. Nc3 Be6 8.
Bc4 Rc8 9. O-O Bxc4 10. Nxc4 Be7 11. b3 O-O 12. f3 a6 13. a4 Na5 14. Nxa5 Qxa5
15. Nd5 Nxd5 16. exd5 Qc3 17. Ra2 Bd8 18. Qd2 Bb6+ 19. Kh1 Bd4 20. Rd1 Rc7 21.
Ba3 Rd8 22. Qe2 Qe3 23. Qxe3 Bxe3 24. c4 Bc5 25. Bxc5 Rxc5 26. Re2 f5 27. h3
Kf7 28. Kg1 Kf6 29. Kf2 h5 30. Rg1 g5 31. Rh1 h4 32. Ra2 a5 33. Re2 Rc7 34.
Rhe1 b6 35. Ke3 Rg8 36. Rh1 Rh7 1/2-1/2

[Event "XIX Weekend B"]
[Site "Ceriano Laghetto ITA"]
[Date "2010.03.??"]
[Round "3"]
[White "Colombo, Luca"]
[Black "Cervini, Gian Piero"]
[Result "1-0"]
[WhiteElo "1904"]
[BlackElo "1788"]
[PlyCount "105"]
[EventDate "2010.03.26"]

1. e4 g6 2. d4 Bg7 3. Nf3 d6 4. Be2 Nf6 5. Nc3 O-O 6. O-O c5 7. dxc5 dxc5 8.
Qxd8 Rxd8 9. Be3 b6 10. Rad1 Nc6 11. Rxd8+ Nxd8 12. Rd1 Ne6 13. Bc4 Ng4 14. Bc1
Nd4 15. Nxd4 Bxd4 16. Rf1 Ne5 17. Bd5 Rb8 18. Nb5 Ba6 19. a4 e6 20. Ba2 Nc6 21.
c3 Bf6 22. Rd1 Rd8 23. Rxd8+ Bxd8 24. f4 Be7 25. Kf2 Bb7 26. e5 a6 27. Na3 Bc8
28. Nc4 b5 29. axb5 axb5 30. Nb6 Bb7 31. Be3 Kg7 32. Bb1 Na5 33. Nd7 c4 34. Bb6
Nb3 35. Bc2 Bc8 36. Bxb3 Bxd7 37. Bd1 Bc6 38. Bf3 Bd5 39. Bxd5 exd5 40. Ke3 b4
41. Kd4 bxc3 42. bxc3 f6 43. Kxd5 fxe5 44. fxe5 Bg5 45. Bd4 Kf7 46. h3 Bf4 47.
e6+ Ke8 48. Kxc4 h5 49. Kd5 g5 50. Be5 Bc1 51. c4 g4 52. hxg4 hxg4 53. c5 1-0

[Event "XIX Weekend B"]
[Site "Ceriano Laghetto ITA"]
[Date "2010.03.??"]
[Round "3"]
[White "Galimberti, Maurizio"]
[Black "Guglielmetti, Oscar"]
[Result "1-0"]
[WhiteElo "1716"]
[BlackElo "1772"]
[PlyCount "87"]
[EventDate "2010.03.26"]

1. f4 g6 2. Nf3 Bg7 3. g3 d5 4. Bg2 Nf6 5. O-O Bf5 6. d3 c6 7. h3 Qb6+ 8. Kh2
h5 9. Nc3 Ng4+ 10. hxg4 hxg4+ 11. Nh4 Bf6 12. Qe1 Nd7 13. e4 dxe4 14. dxe4 Be6
15. e5 Bxh4 16. gxh4 O-O-O 17. Qe3 Rxh4+ 18. Kg3 Rdh8 19. Qxb6 Nxb6 20. Be3 Nd7
21. Rh1 R4h5 22. Rxh5 Rxh5 23. Rh1 f5 24. Rxh5 gxh5 25. Kh4 Bf7 26. Kg5 e6 27.
Na4 Kc7 28. Nc5 b6 29. Nxd7 Kxd7 30. b4 Be8 31. a3 Kc7 32. c4 a6 33. c5 b5 34.
Bf2 Kd8 35. Kf6 Bd7 36. Bh4 Kc7 37. Ke7 Bc8 38. Bf1 Bd7 39. Bd3 Bc8 40. Bxf5
exf5 41. e6 Bb7 42. Ke8 Bc8 43. Kf7 Bb7 44. e7 1-0

[Event "XIX Weekend B"]
[Site "Ceriano Laghetto ITA"]
[Date "2010.03.??"]
[Round "3"]
[White "Giannotti, Salvatore"]
[Black "Raineri, Pieroberto"]
[Result "0-1"]
[WhiteElo "1805"]
[BlackElo "1685"]
[PlyCount "70"]
[EventDate "2010.03.26"]

1. d4 Nf6 2. Nf3 g6 3. Nbd2 Bg7 4. e4 d6 5. Bd3 O-O 6. O-O c5 7. c3 cxd4 8.
cxd4 Nfd7 9. Re1 Nc6 10. Nb3 a5 11. Be3 a4 12. Nbd2 a3 13. bxa3 Rxa3 14. Nc4
Ra8 15. a4 Nb4 16. Bf1 Nf6 17. Qb1 Nc6 18. h3 d5 19. Nb6 dxe4 20. Nxa8 exf3 21.
Nb6 Bf5 22. Qb3 Be4 23. Rad1 e6 24. Nc4 Qd5 25. g3 Qf5 26. Qb5 Bd5 27. Nd6 Qh5
28. Nxb7 Rb8 29. Rb1 Ne4 30. Rec1 Nxd4 31. Qd3 Ne2+ 32. Bxe2 fxe2 33. Bf4 Qxh3
34. Qxe2 Nxg3 35. fxg3 Bd4+ 0-1

[Event "XIX Weekend B"]
[Site "Ceriano Laghetto ITA"]
[Date "2010.03.??"]
[Round "3"]
[White "Lanni, Vincenzo"]
[Black "Marchesotti, Giovanni"]
[Result "1-0"]
[WhiteElo "1818"]
[BlackElo "1619"]
[PlyCount "43"]
[EventDate "2010.03.26"]

1. d4 Nf6 2. g3 e6 3. Bg2 d5 4. Nf3 Bd6 5. O-O O-O 6. Nbd2 c6 7. c4 Nbd7 8. Qc2
Re8 9. e4 dxe4 10. Nxe4 Nxe4 11. Qxe4 h6 12. Re1 Nf6 13. Qc2 Nd7 14. Ne5 Nxe5
15. dxe5 Bc5 16. Rd1 Qc7 17. Qe4 Bd7 18. Qg4 Kh8 19. Qh5 Rad8 20. Bxh6 g6 21.
Qg4 Kg8 22. Bg5 1-0

[Event "XIX Weekend B"]
[Site "Ceriano Laghetto ITA"]
[Date "2010.03.??"]
[Round "3"]
[White "Origgio, Stefano"]
[Black "Moroni, Luca jr"]
[Result "1/2-1/2"]
[WhiteElo "1668"]
[BlackElo "1640"]
[PlyCount "104"]
[EventDate "2010.03.26"]

1. d4 d5 2. c4 e6 3. Nc3 Nf6 4. Bg5 Be7 5. Nf3 Nbd7 6. e3 O-O 7. Rc1 c6 8. Bd3
dxc4 9. Bxc4 Nd5 10. Bxe7 Qxe7 11. O-O Nxc3 12. Rxc3 e5 13. dxe5 Nxe5 14. Nxe5
Qxe5 15. f4 Qe7 16. a3 Bf5 17. Qe1 Rad8 18. Bb3 Qd6 19. Bc2 Bxc2 20. Rxc2 Rfe8
21. Qf2 Qd3 22. Re1 Re7 23. Rce2 f5 24. h3 Qe4 25. Rd2 Red7 26. Red1 Rd5 27.
Rxd5 Rxd5 28. Rxd5 Qxd5 29. Qc2 Kf7 30. Kf2 Ke6 31. Qc3 g6 32. h4 c5 33. b3 Kd6
34. Qf6+ Qe6 35. Qd8+ Kc6 36. Qd3 Qd5 37. Qc3 b5 38. Qf6+ Qd6 39. Qf7 Qd2+ 40.
Kf1 Qxe3 41. Qxa7 Qxf4+ 42. Kg1 Qxh4 43. Qa6+ Kd5 44. Qb7+ Kd4 45. Qxb5 Qe1+
46. Kh2 Qe5+ 47. Kh3 Ke3 48. Qc4 Kf2 49. Qd3 f4 50. Qf3+ Kg1 51. Qd1+ Kf2 52.
Qf3+ Kg1 1/2-1/2

[Event "XIX Weekend B"]
[Site "Ceriano Laghetto ITA"]
[Date "2010.03.??"]
[Round "3"]
[White "Palminteri, Vincenzo"]
[Black "Nardone, Massimo"]
[Result "0-1"]
[WhiteElo "1872"]
[BlackElo "1925"]
[PlyCount "52"]
[EventDate "2010.03.26"]

1. e4 b6 2. d4 Bb7 3. Bd3 e6 4. Nf3 c5 5. O-O cxd4 6. Nxd4 Nf6 7. Bg5 Be7 8.
Nc3 O-O 9. Re1 h6 10. Bxf6 Bxf6 11. e5 Be7 12. Ne4 d6 13. exd6 Bxd6 14. Nxd6
Qxd6 15. Qg4 Nd7 16. Qe2 Qxd4 17. Rad1 Qf4 18. Bc4 Nf6 19. g3 Qf3 20. Qxf3 Bxf3
21. Rd4 Rad8 22. Rf4 Bb7 23. h4 Rd6 24. g4 Rfd8 25. Bd3 Rd4 26. Rxd4 Rxd4 0-1

[Event "XIX Weekend B"]
[Site "Ceriano Laghetto ITA"]
[Date "2010.03.??"]
[Round "3"]
[White "Regorda, Vittorio"]
[Black "Campesato, Adriano"]
[Result "1/2-1/2"]
[WhiteElo "1865"]
[BlackElo "1706"]
[PlyCount "48"]
[EventDate "2010.03.26"]

1. d4 d5 2. Nf3 Nf6 3. c4 c6 4. g3 g6 5. Bg2 Bg7 6. O-O dxc4 7. Ne5 O-O 8. Nxc4
Nbd7 9. Nc3 Nb6 10. Ne5 Nfd7 11. Nf3 Nf6 12. e4 Bg4 13. Be3 Qc8 14. Re1 Nc4 15.
Bc1 Bh3 16. b3 Bxg2 17. Kxg2 Nb6 18. h3 h6 19. Be3 e6 20. Qd2 Kh7 21. Ne5 Nfd7
22. Nc4 Qc7 23. Bf4 e5 24. Nxe5 Nxe5 1/2-1/2

[Event "XIX Weekend B"]
[Site "Ceriano Laghetto ITA"]
[Date "2010.03.??"]
[Round "3"]
[White "Scali, Fausto"]
[Black "Guzzetti, Luigi Enrico"]
[Result "1-0"]
[WhiteElo "1999"]
[BlackElo "1879"]
[PlyCount "47"]
[EventDate "2010.03.26"]

1. e4 c5 2. Nf3 e6 3. d4 cxd4 4. Nxd4 a6 5. Nc3 Qc7 6. Be2 Nf6 7. O-O Be7 8. a4
Nc6 9. Kh1 d6 10. f4 Bd7 11. Nb3 Nb4 12. Bf3 Bc6 13. Nd4 d5 14. Nxc6 bxc6 15.
Be3 Rd8 16. exd5 exd5 17. Bd4 O-O 18. Be5 Qb7 19. Ne2 a5 20. c3 Na6 21. Qc2 Nc5
22. Nd4 Nfe4 23. Nf5 Qc8 24. Nxe7+ 1-0

[Event "XIX Weekend B"]
[Site "Ceriano Laghetto ITA"]
[Date "2010.03.??"]
[Round "3"]
[White "Schingaro, Angelo"]
[Black "Rossi, Giampiero"]
[Result "1/2-1/2"]
[WhiteElo "1700"]
[BlackElo "1914"]
[PlyCount "51"]
[EventDate "2010.03.26"]

1. e4 c5 2. Nf3 e6 3. d4 cxd4 4. Nxd4 a6 5. Nc3 Qc7 6. Bd3 Nc6 7. Be3 Nf6 8.
O-O Ne5 9. h3 b5 10. f4 Nc4 11. Bxc4 Qxc4 12. Qd3 Bb7 13. a4 Qxd3 14. cxd3 b4
15. Nce2 d5 16. e5 Nd7 17. Rac1 Nc5 18. Rfd1 Be7 19. Nf5 exf5 20. Bxc5 Bxc5+
21. Rxc5 Kd7 22. Rdc1 Rhc8 23. Nd4 g6 24. Kf2 Rxc5 25. Rxc5 Rc8 26. Rxc8
1/2-1/2

[Event "XIX Weekend B"]
[Site "Ceriano Laghetto ITA"]
[Date "2010.03.??"]
[Round "3"]
[White "Veronelli, Franco"]
[Black "Veri', Giustino"]
[Result "0-1"]
[WhiteElo "1819"]
[BlackElo "1646"]
[PlyCount "108"]
[EventDate "2010.03.26"]

1. e4 c6 2. d4 d5 3. exd5 cxd5 4. c4 Nf6 5. Nc3 e6 6. Nf3 Bb4 7. Bg5 Qa5 8. Bd2
Ne4 9. Nxe4 dxe4 10. Bxb4 Qxb4+ 11. Nd2 O-O 12. a3 Qxb2 13. Nxe4 f5 14. Rb1
Qxa3 15. Rb3 Qe7 16. Nc3 Nc6 17. Be2 Rd8 18. d5 Qf6 19. Nb5 a6 20. Nc7 Rb8 21.
Rd3 Nb4 22. Rd2 exd5 23. cxd5 Qd6 24. Qc1 Rd7 25. Ne6 Re7 26. O-O b5 27. Ng5 h6
28. Nf3 Bb7 29. Nd4 Qxd5 30. Bf3 Qf7 31. Bxb7 Rexb7 32. Qb1 a5 33. Nxf5 Rd7 34.
Rfd1 Rxd2 35. Rxd2 Rf8 36. Nd6 Qd7 37. Ne4 Qf5 38. Qb3+ Qf7 39. Qb2 Qe6 40. Re2
Re8 41. Nc3 Qc6 42. Rxe8+ Qxe8 43. Qd2 a4 44. h3 a3 45. Na2 Nxa2 46. Qxa2+ Qf7
47. Qxa3 Qc4 48. g4 b4 49. Qa8+ Kh7 50. Qf3 Qc2 51. g5 b3 52. h4 b2 53. h5
b1=Q+ 54. Kg2 Qe4 0-1

[Event "XIX Weekend B"]
[Site "Ceriano Laghetto ITA"]
[Date "2010.03.??"]
[Round "4"]
[White "Adami, Antonio"]
[Black "Origgio, Stefano"]
[Result "1-0"]
[WhiteElo "1675"]
[BlackElo "1668"]
[PlyCount "71"]
[EventDate "2010.03.26"]

1. e4 e5 2. d4 Nc6 3. d5 Nce7 4. Ne2 Ng6 5. g3 Bc5 6. Bg2 d6 7. h3 Nf6 8. O-O
O-O 9. Nbc3 a6 10. a3 c6 11. Na4 Ba7 12. Be3 Bxe3 13. fxe3 Bd7 14. c4 b5 15.
cxb5 axb5 16. dxc6 Bxc6 17. Nac3 Qb6 18. Qd2 Rfd8 19. Kh2 Ne7 20. Nd5 Bxd5 21.
exd5 Nd7 22. b4 Rdc8 23. e4 Qb7 24. h4 Nf6 25. Bh3 Rc4 26. Nc3 Nxe4 27. Nxe4
Rxe4 28. Rxf7 Kxf7 29. Be6+ Ke8 30. Rf1 Qb6 31. Bf7+ Kd8 32. Be6 Rxa3 33. Rf8+
Kc7 34. Qg5 Nxd5 35. Qd8+ Kb7 36. Bxd5+ 1-0

[Event "XIX Weekend B"]
[Site "Ceriano Laghetto ITA"]
[Date "2010.03.??"]
[Round "4"]
[White "Campesato, Adriano"]
[Black "Clerici, Samuele"]
[Result "1-0"]
[WhiteElo "1706"]
[BlackElo "1782"]
[PlyCount "57"]
[EventDate "2010.03.26"]

1. e4 e5 2. Nf3 Nc6 3. d4 exd4 4. Nxd4 Nge7 5. Be3 d6 6. Nc3 Nxd4 7. Qxd4 Nc6
8. Qd2 Be7 9. Be2 Be6 10. a3 Ne5 11. Nd5 Ng4 12. Nxe7 Nxe3 13. Qxe3 Qxe7 14.
O-O-O O-O-O 15. Qxa7 Qg5+ 16. Kb1 Qxg2 17. Qa8+ Kd7 18. Bb5+ Ke7 19. Qxb7 Rc8
20. f4 f5 21. Rhg1 Qxe4 22. Qa7 Kf6 23. Qf2 g6 24. Rge1 Qb7 25. Qd4+ Kf7 26.
Rxe6 Kxe6 27. Re1+ Kf7 28. Bc4+ Kf8 29. Qf6# 1-0

[Event "XIX Weekend B"]
[Site "Ceriano Laghetto ITA"]
[Date "2010.03.??"]
[Round "4"]
[White "Carbone, Lorenzo"]
[Black "Giannotti, Salvatore"]
[Result "1-0"]
[WhiteElo "1743"]
[BlackElo "1805"]
[PlyCount "103"]
[EventDate "2010.03.26"]

1. e4 d6 2. d4 Nf6 3. Bd3 Nbd7 4. Nf3 e5 5. c3 h6 6. O-O Be7 7. Na3 c6 8. h3
Qc7 9. Be3 Nf8 10. Nc2 g5 11. Nh2 Ng6 12. Ne1 Nf4 13. Kh1 Bd7 14. c4 h5 15. d5
h4 16. Qd2 Qc8 17. Bxf4 gxf4 18. Nef3 c5 19. Qc3 Qc7 20. Rad1 O-O-O 21. b4 cxb4
22. Qxb4 Nh5 23. Nxe5 Bxh3 24. Nxf7 Bxg2+ 25. Kxg2 f3+ 26. Kh1 Ng3+ 27. Kg1 Qd7
28. Rb1 b6 29. Qb5 Nxf1 30. Qxd7+ Kxd7 31. Kxf1 Bf6 32. Nxd8 Kxd8 33. Nxf3 h3
34. Ke2 Ke7 35. Rh1 Rh5 36. Ng1 h2 37. Nf3 Be5 38. Nxe5 dxe5 39. Kf3 Rh3+ 40.
Ke2 Kd6 41. f3 Kc5 42. Kf2 Kd4 43. Bf1 Rh7 44. d6 Kc5 45. d7 Rxd7 46. Rxh2 Rd2+
47. Kg3 Rd1 48. Rf2 Kd4 49. Bg2 Kxc4 50. Rc2+ Kd4 51. Rc7 a5 52. Rd7+ 1-0

[Event "XIX Weekend B"]
[Site "Ceriano Laghetto ITA"]
[Date "2010.03.??"]
[Round "4"]
[White "Cervini, Gian Piero"]
[Black "Squillante, Michele"]
[Result "1-0"]
[WhiteElo "1788"]
[BlackElo "1801"]
[PlyCount "55"]
[EventDate "2010.03.26"]

1. e4 c6 2. d4 d5 3. exd5 cxd5 4. c4 Nf6 5. c5 Nc6 6. Nf3 Bg4 7. Be2 e6 8. Nc3
Be7 9. a3 a5 10. Be3 O-O 11. O-O b6 12. Na4 bxc5 13. dxc5 Nd7 14. Qd2 Ra7 15.
b4 axb4 16. axb4 Qa8 17. Nb6 Nxb6 18. Rxa7 Qxa7 19. cxb6 Qa4 20. Bc5 Bxc5 21.
bxc5 Nb8 22. Qb2 Qa5 23. Rc1 Rc8 24. Qb5 Qxb5 25. Bxb5 Bxf3 26. gxf3 Kf8 27. c6
Ke7 28. c7 1-0

[Event "XIX Weekend B"]
[Site "Ceriano Laghetto ITA"]
[Date "2010.03.??"]
[Round "4"]
[White "Donghi, Fabio"]
[Black "Biava, Pierluigi"]
[Result "0-1"]
[WhiteElo "1600"]
[BlackElo "1792"]
[PlyCount "64"]
[EventDate "2010.03.26"]

1. d4 Nf6 2. c4 e6 3. Nc3 Bb4 4. Bg5 h6 5. Bxf6 Qxf6 6. Nf3 c5 7. e3 Nc6 8. Be2
cxd4 9. exd4 O-O 10. O-O a6 11. Ne4 Qd8 12. a3 Be7 13. d5 f5 14. Ng3 Na7 15.
dxe6 dxe6 16. Qxd8 Rxd8 17. Rad1 Nc6 18. Rxd8+ Bxd8 19. Rd1 Bf6 20. b4 Kf7 21.
c5 e5 22. Rd6 Be6 23. Nh5 Be7 24. Rd2 g6 25. Ng3 Bf6 26. Nf1 e4 27. Ne1 Bc3 28.
Rd1 Nd4 29. Ng3 Rd8 30. Nc2 Nxe2+ 31. Nxe2 Rxd1+ 32. Ne1 Rxe1# 0-1

[Event "XIX Weekend B"]
[Site "Ceriano Laghetto ITA"]
[Date "2010.03.??"]
[Round "4"]
[White "Giovarruscio, Gabriele"]
[Black "Bertamini, Alberto"]
[Result "1-0"]
[WhiteElo "1703"]
[BlackElo "1697"]
[PlyCount "71"]
[EventDate "2010.03.26"]

1. Nf3 d5 2. c4 Nf6 3. g3 Bf5 4. Bg2 e6 5. O-O c6 6. d4 dxc4 7. Qa4 Bd6 8. Qxc4
Qc7 9. Nc3 Nbd7 10. Bg5 Nb6 11. Qb3 Nbd5 12. Rac1 Nxc3 13. bxc3 Ne4 14. Be3 h6
15. Rfd1 g5 16. c4 Be7 17. Nd2 Nf6 18. f3 Bd6 19. Bf2 h5 20. e4 h4 21. exf5
hxg3 22. Bxg3 Bxg3 23. hxg3 O-O-O 24. Ne4 Nh5 25. fxe6 fxe6 26. Rb1 b6 27. c5
b5 28. Qxe6+ Kb8 29. Qg4 Rd5 30. a4 a6 31. axb5 axb5 32. Ra1 Qg7 33. Nd6 Nf6
34. Qe6 Nd7 35. Qe3 Kc7 36. Ra7+ 1-0

[Event "XIX Weekend B"]
[Site "Ceriano Laghetto ITA"]
[Date "2010.03.??"]
[Round "4"]
[White "Guzzetti, Luigi Enrico"]
[Black "Schingaro, Angelo"]
[Result "1-0"]
[WhiteElo "1879"]
[BlackElo "1700"]
[PlyCount "65"]
[EventDate "2010.03.26"]

1. e4 c5 2. Nf3 d6 3. d4 cxd4 4. Nxd4 Nf6 5. Nc3 a6 6. Be2 e5 7. Nb3 Be7 8. Be3
Be6 9. O-O O-O 10. f3 Nbd7 11. Qe1 Qc7 12. Qf2 d5 13. exd5 Nxd5 14. Nxd5 Bxd5
15. Rfd1 Be6 16. Rd2 Rac8 17. Rad1 Nc5 18. Nxc5 Bxc5 19. c4 Bxe3 20. Qxe3 Qc5
21. Qxc5 Rxc5 22. b4 Rcc8 23. c5 a5 24. a3 axb4 25. axb4 Bb3 26. Rb1 Ba4 27.
Rd5 Rfe8 28. Rb2 Bc6 29. Rd6 Rcd8 30. Rbd2 Rxd6 31. Rxd6 e4 32. b5 exf3 33.
gxf3 1-0